VALUE LEADERSHIP THE 7 PRINCIPLES THAT D (Record no. 9217)

MARC details
000 -LEADER
fixed length control field 00338nam a2200133Ia 4500
008 - FIXED-LENGTH DATA ELEMENTS--GENERAL INFORMATION
fixed length control field 240624s9999 xx 000 0 und d
041 ## - LANGUAGE CODE
Language code of text/sound track or separate title eng
082 ## - DEWEY DECIMAL CLASSIFICATION NUMBER
Classification number 658.4092 COH
100 ## - MAIN ENTRY--PERSONAL NAME
Personal name COHAN PETER S
245 ## - TITLE STATEMENT
Title VALUE LEADERSHIP THE 7 PRINCIPLES THAT D
260 ## - PUBLICATION, DISTRIBUTION, ETC.
Date of publication, distribution, etc. 2008
Place of publication, distribution, etc. New Delhi
Name of publisher, distributor, etc. Wiley India
300 ## - PHYSICAL DESCRIPTION
Extent 320 : p.
365 ## - TRADE PRICE
Currency code RS
Price amount 33.33
Holdings
Withdrawn status Lost status Damaged status Not for loan Home library Current library Shelving location Date acquired Source of acquisition Cost, normal purchase price Total Holds Full call number Barcode Date last seen Copy number Price effective from Koha item type
        IMTN IMTN Rack 30-B 06/11/2008 IBH 299.00 600 658.4092 COH 9217 06/24/2024 1 06/24/2024 Books
Designed & Maintained by: LRC IMT Nagpur Contact: lrc@imtnag.ac.in© 2024. All Rights Reserved.